000 00509nam a22001697a 4500
005 20251108164222.0
008 250721s1978 xx 000 0 ara d
082 1 4 _a840.8/داو
100 1 _aكردي، داوود
245 1 0 _aمقتطفات مختارة من تاريخ الأدب الفرنسي /
264 1 _aعمان :
_bالمطبعة الإقتصادية،
_c1978.
300 _a80 ص
650 1 7 _aالأدب الفرنسي
650 1 7 _aالمختارات
942 _2ddc
_cBK
999 _c6675
_d6675